Estadística biométrica y sanitaria / (Registro nro. 126261)

Detalles MARC
000 -LEADER
campo de control de longitud fija 00740nam a2200217 4500
001 - NÚMERO DE CONTROL
campo de control 126261
003 - IDENTIFICADOR DE NÚMERO DE CONTROL
campo de control ES-MaACL
005 - FECHA Y HORA DE LA ÚLTIMA TRANSACCIÓN
campo de control 20230906192803.0
007 - CAMPO FIJO DE DESCRIPCIÓN FÍSICA--INFORMACIÓN GENERAL
campo de control de longitud fija t|
008 - DATOS DE LONGITUD FIJA--INFORMACIÓN GENERAL
campo de control de longitud fija 070214s1974 sp r ||||1| spa d
020 ## - NÚMERO INTERNACIONAL ESTÁNDAR DEL LIBRO
Número Internacional Estándar del Libro 0-13-289298-7
100 1# - ENTRADA PRINCIPAL--NOMBRE DE PERSONA
Nombre de persona Remington, Richard D.
9 (RLIN) 96132
245 10 - MENCIÓN DEL TÍTULO
Título Estadística biométrica y sanitaria /
Mención de responsabilidad, etc. Richard D. Remington, M. Anthony Schork ; traducción y adaptación Jesús María Castaño Ceballos.
260 ## - PUBLICACIÓN, DISTRIBUCIÓN, ETC.
Lugar de publicación, distribución, etc. Madrid :
Nombre del editor, distribuidor, etc. Prentice-Hall,
Fecha de publicación, distribución, etc. 1974.
300 ## - DESCRIPCIÓN FÍSICA
Extensión XII, 387 p. :
Otras características físicas il. ;
Dimensiones 24 cm.
650 #4 - PUNTO DE ACCESO ADICIONAL DE MATERIA--TÉRMINO DE MATERIA
Término de materia o nombre geográfico como elemento de entrada Biometría.
9 (RLIN) 140149
650 #4 - PUNTO DE ACCESO ADICIONAL DE MATERIA--TÉRMINO DE MATERIA
Término de materia o nombre geográfico como elemento de entrada Estadística médica.
9 (RLIN) 155040
700 1# - ENTRADA AGREGADA--NOMBRE PERSONAL
Nombre de persona Schork, M. Anthony.
9 (RLIN) 104665
700 1# - ENTRADA AGREGADA--NOMBRE PERSONAL
Nombre de persona Castaño Ceballos, Jesús María.
9 (RLIN) 36435
852 ## - LOCALIZACIÓN
Ubicación ES-MaACL
Número de control de estantería E-7631
Existencias
Estatus retirado Estado de pérdida Estado de daño No para préstamo Biblioteca de origen Biblioteca actual Ubicación en estantería Fecha de adquisición Fuente de adquisición Total de préstamos Signatura topográfica completa Código de barras Visto por última vez Precio de reemplazo Tipo de ítem Koha
        Biblioteca del Ateneo de Madrid Biblioteca del Ateneo de Madrid Depósito 2 17/01/2008     E-7631 1131510 23/02/2023 23/02/2023 Libro impreso